000 01342cam a22003734i 4500
003 PE-LiUPU
005 20250731184103.0
008 150623s r 000 0 d
020 _a0816310696
035 _a(Sirsi) i9780816310692
040 _aPE-LiUPU
_bspa
_cPE-LiUPU
_erda
049 _aPRUA
082 0 4 _a813.54
_bP14
_221
100 1 _aPadgett, Tricia,
_eautor.
245 1 4 _aThe tempting of Audra Grey /
_cTricia Padgett.
264 1 _aOshawa, Ontario, Canada :
_bPacific Press Publishing Association,
_c1992.
300 _a159 páginas ;
_c20 centímetros
336 _atext
_2rdacontent
337 _aunmediated
_2rdamedia
338 _avolume
_2rdacarrier
505 0 _aRealato de la tentación de Audra Grey.
526 _aP145
526 _aP127
526 _aP97
526 _aP14
526 _aP07
650 0 4 _aMatrimonio
_xRelato de la tentación de Audra Grey.
942 _2ddc
_cBOOK
949 _a813.54 P14
_wDEWEY
_c1
_i52271
_lCCODEBUL1
_mBUL
_p5.00
_r0
_sY
_tBOOK
_u2015-6-24
_xTEOLOGIA
_PP35
_0COMPRA
_o.STAFF. Colección General
994 _aC0
_bPEPRU
596 _a1
999 _a813.54 P14
_wDEWEY
_c34088
_i52271
_f2021-11-11
_g5
_lCCODEBUL1
_mBUL
_p5.00
_r0
_sY
_tBOOK
_u2015-6-24
_xTEOLOGIA
_PP35
_0COMPRA
_o.STAFF. Colección General
_d34088
980 _81
_gALBERTO SANCHEZ Responsable de Automatización